Un Passeig per la Diputació de Lleida / [autors: Ramona Huguet i Huguet, Marià Roman i Ris ; direcció: Teresa Ibars i Chimeno] Ramona Huguet i Huguet, Marià Roman i Ris ; direcció:
Descripción Física:
73 p. : il., fot. ; 19 x 29 cm
MARC
| LEADER | 00000nam a2200000Ia 4500 | ||
|---|---|---|---|
| 001 | 18605 | ||
| 008 | 160829s2001 xx 000 0 cat d | ||
| 080 | |a M-5-353 | ||
| 100 | |a Huguet i Huguet, Ramona |9 45942 | ||
| 245 | |a Un Passeig per la Diputació de Lleida / [autors: |b Ramona Huguet i Huguet, Marià Roman i Ris ; direcció: |b Teresa Ibars i Chimeno] | ||
| 250 | |a 3a ed., rev. | ||
| 260 | |a Lleida : |b Diputació de Lleida. Servei d'Arxius, Estudis i Informació, |c 2001 | ||
| 300 | |a 73 p. : |b il., fot. ; |c 19 x 29 cm | ||
| 590 | |a Bibliografia. | ||
| 590 | |a Notes | ||
| 610 | 1 | 0 | |a Lleida (Catalunya : Província). |b Diputació |x Història |9 56090 |
| 700 | |a Roman i Ris, Marià |9 37875 | ||
| 700 | |a Ibars i Chimeno, Teresa |e director |9 37876 | ||
| 710 | 1 | |a Lleida (Catalunya : Província). |b Servei d'Arxius, Estudis i Informació |9 55224 | |
| 901 | |a Arxiu | ||
| 942 | |n 1 |2 udc | ||
| 952 | |0 0 |1 0 |4 0 |6 M5353 |7 1 |9 52906 |a Arxiu |b Arxiu |d 2016-12-01 |l 0 |o M-5-353 |p 18605 |r 2016-12-01 00:00:00 |w 2016-12-01 |y ARXIU | ||
| 999 | |c 56755 |d 56755 | ||